[Event "DEM U16 2000"]
[Site "Überlingen GER"]
[Date "2000.06.10"]
[Round "9"]
[White "Kapp, Martin"]
[Black "Hintz, Bastian"]
[Result "1-0"]
[Termination "normal"]
[Board "10"]
[WhiteElo "1817"]
[BlackElo "1737"]
[PlyCount "51"]
[EventCountry "GER"]
[EventRounds "9"]
[EventType "swiss"]
[EventDate "2000.06.03"]

1. d4 d5 2. c4 e6 3. Nc3 c6 4. Nf3 dxc4 5. a4 Bb4 6. e3 b5 7. axb5 Bxc3+ 8.
bxc3 cxb5 9. Be2 Nf6 10. Ba3 Ne4 11. Qc2 Bb7 12. O-O Nd7 13. Rfb1 Bc6 14. Nd2
Nxd2 15. Qxd2 Qg5 16. f3 h5 17. Ra2 Nf6 18. e4 Qg6 19. Bf1 h4 20. Re1 Nh5 21.
d5 O-O-O 22. d6 Ng3 23. Qf2 Rd7 24. Qc5 Kb7 25. Bb4 Ra8 26. Ra6 1-0

[Event "DEM U16 2000"]
[Site "Überlingen GER"]
[Date "2000.06.10"]
[Round "9"]
[White "Friedt, Eduard"]
[Black "Wehner, Roland"]
[Result "1/2-1/2"]
[Termination "normal"]
[Board "11"]
[WhiteElo "1633"]
[BlackElo "1976"]
[PlyCount "72"]
[BlackFideId "4683161"]
[EventCountry "GER"]
[EventRounds "9"]
[EventType "swiss"]
[EventDate "2000.06.03"]

1. d4 Nf6 2. c4 e6 3. Nf3 Bb4+ 4. Bd2 Qe7 5. a3 Bxd2+ 6. Qxd2 O-O 7. e3 d6 8.
Be2 e5 9. dxe5 dxe5 10. O-O Nc6 11. Rd1 e4 12. Nd4 Ne5 13. Nc3 Bg4 14. Bxg4
Nexg4 15. Qc2 Rfe8 16. h3 Ne5 17. Nxe4 Nxe4 18. Qxe4 Nxc4 19. Qxe7 Rxe7 20. b3
Nb6 21. Nf5 Re5 22. Ng3 Rd5 23. Rxd5 Nxd5 24. Rd1 c6 25. e4 Nf6 26. f3 Kf8 27.
Kf2 g6 28. Ke3 Ke7 29. Ne2 Rd8 30. Rd4 Rxd4 31. Kxd4 Nd7 32. g4 Nf8 33. f4 Ne6+
34. Kc4 a5 35. a4 b6 36. h4 Nc5 1/2-1/2